Huấn Luyện Kĩ Năng Bán Hàng

Na minha lista:
Detalhes bibliográficos
Autor principal: Linda Richardson
Formato: Livro
Idioma:Vietnamese
Publicado em: TN 2010
Tags: Adicionar Tag
Sem tags, seja o primeiro a adicionar uma tag!
Thư viện lưu trữ: Mạng thư viện Đại học Đà Nẵng
LEADER 00614nam a2200277 4500
001 000025680
003 124
005 20150204120000.0
008 150204s vm 000 vie
020 |c 59000,0000 
040 |a D1 
100 |a Linda Richardson 
245 |a Huấn Luyện Kĩ Năng Bán Hàng 
260 |b TN  |c 2010 
300 |a 227tr. ; 
OWN |a LTT 
999 |a From the UDN01 
TYP |a Monograph 
TYP |a Printed language 
980 |a Mạng thư viện Đại học Đà Nẵng